00680nam a2200205 i 450000100060000000300090000600500170001500700030003200800410003510000430007624500890011925000680020826000350027630000360031165000280034770000190037570000250039470000310041985200240045061780ES-MaACL20251003063102.0t|031113s1984 sp a |||| | spa d1 aFarreras Valentí, Pedro, d1916-196810aMedicina interna / cfundado por A.V. Domarus, continuado por P. Farreras Valentí. a10ª ed. bdirigida por Ciril Rozman, Juan García San Miguel. aBarcelona : bMarín, c1984. a2 v., lám. : bil. ; c26 cm.07aMedicina interna2embne1 aDomarus, A. V.1 aRozman, C. (d1929-)1 aGarcía San Miguel, Juan. aES-MaACLjL-6214-15